[Event "4th EUR-ch"]
[Site "Istanbul TUR"]
[Date "2003.06.13"]
[Round "13.47"]
[White "Nevednichy, Vladislav"]
[Black "Gdanski, Jacek"]
[Result "1-0"]
[WhiteElo "2569"]
[BlackElo "2506"]
[EventDate "2003.05.30"]
[PlyCount "38"]

1.e4 e6 2.d3 c5 3.Nf3 Nc6 4.g3 g6 5.Bg2 Bg7 6.O-O Nge7 7.Re1 d6 8.c3 O-O 
9.d4 cxd4 10.cxd4 Qb6 11.d5 Nd4 12.Nc3 exd5 13.Bg5 Nxf3+ 14.Bxf3 Nc6 15.
Nxd5 Qxb2 16.Rb1 Qxa2 17.h4 Be6 18.Nf6+ Kh8 19.Qxd6 Nd4 1-0

[Event "4th EUR-ch"]
[Site "Istanbul TUR"]
[Date "2003.06.13"]
[Round "13.50"]
[White "Ftacnik, Lubomir"]
[Black "Banikas, Hristos"]
[Result "1-0"]
[WhiteElo "2611"]
[BlackElo "2542"]
[EventDate "2003.05.30"]
[PlyCount "103"]

1.d4 Nf6 2.Nf3 c5 3.d5 b5 4.Bg5 Ne4 5.Bh4 Bb7 6.a4 Qa5+ 7.Nbd2 bxa4 8.c3 
f5 9.Rxa4 Qb6 10.Nxe4 fxe4 11.Ng5 e6 12.dxe6 Be7 13.exd7+ Nxd7 14.Nxe4 
Qxb2 15.Bxe7 Bxe4 16.Bg5 Qxc3+ 17.Qd2 Qxd2+ 18.Kxd2 Bc6 19.Ra5 O-O 20.f3 
Rf5 21.h4 Rd5+ 22.Kc3 c4 23.Rxd5 Bxd5 24.e4 Be6 25.Be2 Rb8 26.Ra1 Rb3+ 27.
Kc2 Ne5 28.Ra6 Rb6 29.Rxa7 Nc6 30.Ra8+ Kf7 31.Be3 Rb3 32.Bc5 Rb5 33.Rf8+ 
Kg6 34.Be3 Rb3 35.Bc5 Rb5 36.Bf2 Ra5 37.Kb2 h5 38.Bd1 Ne5 39.Bd4 Nd3+ 40.
Kb1 Rb5+ 41.Kc2 Ne1+ 42.Kd2 Nxg2 43.f4 Nxh4 44.Bf2 Rb2+ 45.Bc2 Nf3+ 46.Kc3
Rxc2+ 47.Kxc2 Bg4 48.Rh8 Bd7 49.Kc3 Bc6 50.f5+ Kg5 51.Be3+ Kh4 52.Rg8 1-0

[Event "4th EUR-ch"]
[Site "Istanbul TUR"]
[Date "2003.06.13"]
[Round "13.51"]
[White "Sturua, Zurab"]
[Black "Naer, Evgeny"]
[Result "1/2-1/2"]
[WhiteElo "2545"]
[BlackElo "2606"]
[EventDate "2003.05.30"]
[PlyCount "34"]

1.d4 d5 2.c4 c6 3.e3 e6 4.Nc3 f5 5.f4 Nf6 6.Nf3 Be7 7.Be2 O-O 8.O-O Kh8 9.
Kh1 b6 10.b3 Bb7 11.Bb2 Bd6 12.Rc1 Nbd7 13.Ne5 Rc8 14.Bf3 c5 15.Qe2 Qe7 
16.cxd5 Nxd5 17.Nxd5 Bxd5 1/2-1/2

[Event "4th EUR-ch"]
[Site "Istanbul TUR"]
[Date "2003.06.13"]
[Round "13.53"]
[White "Damljanovic, Branko"]
[Black "Tratar, Marko"]
[Result "1-0"]
[WhiteElo "2587"]
[BlackElo "2464"]
[EventDate "2003.05.30"]
[PlyCount "69"]

1.d4 Nf6 2.c4 g6 3.Nc3 Bg7 4.e4 d6 5.Nf3 O-O 6.Be2 e5 7.Be3 Na6 8.O-O Ng4 
9.Bg5 Qe8 10.h3 h6 11.Bc1 exd4 12.Nxd4 Nf6 13.Bd3 c6 14.Re1 Qe7 15.Bc2 Re8
16.Bf4 Nd7 17.Qd2 Ne5 18.b3 Qf8 19.Rad1 Be6 20.Bg3 g5 21.Nce2 Rad8 22.f4 
gxf4 23.Nxf4 Qe7 24.Qf2 Nc5 25.Bh4 Bf6 26.Nd5 Bxh4 27.Nxe7+ Bxe7 28.b4 
Ncd7 29.c5 dxc5 30.Nxe6 fxe6 31.Rxd7 Nxd7 32.e5 Nf8 33.Rf1 Kh8 34.h4 cxb4 
35.Qe3 1-0

[Event "4th EUR-ch"]
[Site "Istanbul TUR"]
[Date "2003.06.13"]
[Round "13.54"]
[White "Socko, Bartosz"]
[Black "Shneider, Alexander"]
[Result "1-0"]
[WhiteElo "2577"]
[BlackElo "2497"]
[EventDate "2003.05.30"]
[PlyCount "99"]

1.e4 c5 2.Nf3 d6 3.d4 cxd4 4.Nxd4 Nf6 5.Nc3 a6 6.Be3 e5 7.Nb3 Be6 8.f3 
Nbd7 9.g4 Nb6 10.g5 Nh5 11.Qd2 Be7 12.O-O-O Rc8 13.Kb1 O-O 14.Rg1 g6 15.
Nd5 Nxd5 16.exd5 Bf5 17.Bd3 Bxd3 18.Qxd3 f6 19.gxf6 Rxf6 20.Nd2 Qd7 21.c4 
Nf4 22.Qe4 b5 23.Rg4 Rcf8 24.Qc2 bxc4 25.Qxc4 Qb5 26.Qxb5 axb5 27.Ne4 Rf5 
28.Bxf4 exf4 29.Rg2 Re5 30.a3 g5 31.Rd3 h5 32.Nc3 b4 33.axb4 Rb8 34.b5 Kf7
35.Kc2 Kf6 36.h3 Kf5 37.Ne2 Kf6 38.Nc3 Kf5 39.Ne4 Rxe4 40.fxe4+ Ke5 41.Rb3
Rf8 42.b6 f3 43.Rg1 g4 44.b7 f2 45.Rf1 Bh4 46.hxg4 hxg4 47.b8=Q Rxb8 48.
Rxb8 Kxe4 49.Kd2 g3 50.Rb4+ 1-0

[Event "4th EUR-ch"]
[Site "Istanbul TUR"]
[Date "2003.06.13"]
[Round "13.56"]
[White "Mastrovasilis, Athanasios"]
[Black "Marin, Mihail"]
[Result "1/2-1/2"]
[WhiteElo "2487"]
[BlackElo "2568"]
[EventDate "2003.05.30"]
[PlyCount "22"]

1.d4 Nf6 2.Nf3 g6 3.g3 Bg7 4.Bg2 O-O 5.O-O d6 6.a4 a5 7.Nc3 Nc6 8.e4 Bg4 
9.h3 Bxf3 10.Bxf3 e5 11.dxe5 dxe5 1/2-1/2

[Event "4th EUR-ch"]
[Site "Istanbul TUR"]
[Date "2003.06.13"]
[Round "13.58"]
[White "Pogorelov, Ruslan"]
[Black "Nijboer, Friso"]
[Result "1/2-1/2"]
[WhiteElo "2489"]
[BlackElo "2562"]
[EventDate "2003.05.30"]
[PlyCount "97"]

1.Nf3 Nf6 2.c4 g6 3.Nc3 Bg7 4.e4 d6 5.d4 O-O 6.Be2 e5 7.O-O Nc6 8.d5 Ne7 
9.Ne1 Nd7 10.Be3 f5 11.f3 f4 12.Bf2 g5 13.a4 Ng6 14.a5 Kh8 15.g4 fxg3 16.
hxg3 Nf6 17.Kg2 Rg8 18.Rh1 Bf8 19.Nc2 g4 20.Kf1 gxf3 21.Bxf3 Bd7 22.Ne3 c6
23.Ke2 Be7 24.Kd2 Rf8 25.Nf5 cxd5 26.cxd5 b5 27.axb6 axb6 28.Rxa8 Qxa8 29.
Qa1 Qc8 30.Nxe7 Nxe7 31.Bxb6 Bh3 32.Qa7 Nfg8 33.Be2 Bg2 34.Rh4 Bf1 35.Qc7 
Bxe2 36.Nxe2 Qa6 37.Qxd6 Rf6 38.Qxe5 Ng6 39.Rxh7+ Kxh7 40.Qh5+ Nh6 41.Be3 
Nh8 42.Bd4 Rg6 43.Qe5 N8f7 44.Qe8 Qd6 45.Qb5 Rg5 46.e5 Nxe5 47.Bxe5 Qxe5 
48.Qb3 Nf5 49.Qd3 1/2-1/2

[Event "4th EUR-ch"]
[Site "Istanbul TUR"]
[Date "2003.06.13"]
[Round "13.59"]
[White "Nataf, Igor-Alexandre"]
[Black "Kupreichik, Viktor"]
[Result "1/2-1/2"]
[WhiteElo "2559"]
[BlackElo "2484"]
[EventDate "2003.05.30"]
[PlyCount "27"]

1.e4 c5 2.Nf3 Nc6 3.d4 cxd4 4.Nxd4 g6 5.Be3 Bg7 6.Nc3 Nf6 7.Bc4 O-O 8.Bb3 
a5 9.O-O d6 10.h3 Bd7 11.a4 Nxd4 12.Bxd4 Bc6 13.Qd3 Nd7 14.Bxg7 1/2-1/2

[Event "4th EUR-ch"]
[Site "Istanbul TUR"]
[Date "2003.06.13"]
[Round "13.61"]
[White "Sulypa, Olexandr"]
[Black "Korneev, Oleg"]
[Result "1/2-1/2"]
[WhiteElo "2492"]
[BlackElo "2606"]
[EventDate "2003.05.30"]
[PlyCount "78"]

1.d4 d5 2.c4 e6 3.Nc3 c6 4.Nf3 Nf6 5.Bg5 dxc4 6.e4 b5 7.e5 h6 8.Bh4 g5 9.
Nxg5 hxg5 10.Bxg5 Nbd7 11.g3 Rg8 12.h4 Rxg5 13.hxg5 Nd5 14.g6 fxg6 15.Qg4 
Qe7 16.Bg2 Kd8 17.Bxd5 cxd5 18.Qxg6 Bg7 19.Qg4 Nf8 20.Nxb5 Rb8 21.Nd6 Rxb2
22.Qf3 Rb6 23.Qa3 Rxd6 24.exd6 Qb7 25.O-O-O Kd7 26.Rh4 Qa6 27.Qc5 Qxd6 28.
Qxa7+ Ke8 29.Qa8 Qc7 30.Re1 Bf6 31.Rh5 Kf7 32.Rd1 Bd7 33.Qa3 Be8 34.Qc3 
Kg7 35.Rh2 e5 36.Qe3 Qd6 37.dxe5 Bxe5 38.f4 Bf6 39.Qxe8 Qa3+ 1/2-1/2

[Event "4th EUR-ch"]
[Site "Istanbul TUR"]
[Date "2003.06.13"]
[Round "13.64"]
[White "Vesterbaek Pedersen, Nicolai"]
[Black "Romero Holmes, Alfonso"]
[Result "1/2-1/2"]
[WhiteElo "2508"]
[BlackElo "2560"]
[EventDate "2003.05.30"]
[PlyCount "40"]

1.e4 e6 2.d4 d5 3.Nc3 Bb4 4.exd5 exd5 5.Bd3 Nc6 6.a3 Ba5 7.Nf3 Nge7 8.O-O 
O-O 9.h3 Bf5 10.Ne2 Qd7 11.Ng3 Bg6 12.Bf4 Rae8 13.c3 Bxd3 14.Qxd3 Ng6 15.
Qd2 Nd8 16.Ne5 Nxe5 17.dxe5 f6 18.exf6 Rxf6 19.Be3 Bb6 20.Rae1 Rfe6 
1/2-1/2

[Event "4th EUR-ch"]
[Site "Istanbul TUR"]
[Date "2003.06.13"]
[Round "13.68"]
[White "Genov, Petar"]
[Black "Belov, Vladimir"]
[Result "0-1"]
[WhiteElo "2490"]
[BlackElo "2549"]
[EventDate "2003.05.30"]
[PlyCount "86"]

1.d4 Nf6 2.c4 g6 3.Nc3 d5 4.Nf3 Bg7 5.Bg5 Ne4 6.cxd5 Nxg5 7.Nxg5 e6 8.Nf3 
exd5 9.b4 Qd6 10.Qb3 Nc6 11.e3 Qxb4 12.Qxb4 Nxb4 13.Kd2 Bf5 14.a3 Nc6 15.
Bb5 O-O-O 16.Bxc6 bxc6 17.Na4 Kd7 18.Nc5+ Ke7 19.Na6 c5 20.Nxc5 Rb8 21.Ra2
Bb1 22.Ra1 Rb2+ 23.Kc3 Rhb8 24.Rc1 R8b5 25.Nd2 Rc2+ 26.Rxc2 Rxc5+ 27.Kb4 
Rxc2 28.Nxb1 c5+ 29.Kb3 Rc1 30.Kb2 Rf1 31.Nc3 Rxa1 32.Kxa1 cxd4 33.Nxd5+ 
Kd6 34.e4 f5 35.f3 fxe4 36.fxe4 Ke5 37.Kb1 Kxe4 38.Nc7 Ke3 39.Nd5+ Kf2 40.
Kc2 Kxg2 41.a4 Kxh2 42.a5 g5 43.a6 g4 0-1

[Event "4th EUR-ch"]
[Site "Istanbul TUR"]
[Date "2003.06.13"]
[Round "13.69"]
[White "Olafsson, Helgi"]
[Black "Gershon, Alik"]
[Result "1/2-1/2"]
[WhiteElo "2473"]
[BlackElo "2543"]
[EventDate "2003.05.30"]
[PlyCount "21"]

1.Nf3 c5 2.c4 Nc6 3.d4 cxd4 4.Nxd4 Nf6 5.Nc3 e6 6.Ndb5 d5 7.Bf4 e5 8.cxd5 
exf4 9.dxc6 bxc6 10.Qxd8+ Kxd8 11.Nd4 1/2-1/2

[Event "4th EUR-ch"]
[Site "Istanbul TUR"]
[Date "2003.06.13"]
[Round "13.71"]
[White "Moor, Roger"]
[Black "Fontaine, Robert"]
[Result "1/2-1/2"]
[WhiteElo "2405"]
[BlackElo "2527"]
[EventDate "2003.05.30"]
[PlyCount "91"]

1.c4 e5 2.g3 c6 3.d4 Bb4+ 4.Bd2 Bxd2+ 5.Qxd2 d6 6.Bg2 Nf6 7.Nc3 O-O 8.e3 
Be6 9.b3 exd4 10.Qxd4 d5 11.cxd5 Nxd5 12.Nge2 Nxc3 13.Qxc3 Nd7 14.O-O Qe7 
15.Rfd1 Rfd8 16.Nf4 Nf6 17.Qe5 Ng4 18.Qa5 Qf6 19.Qc7 g5 20.Nxe6 Rxd1+ 21.
Rxd1 fxe6 22.Rf1 Qf7 23.Qd6 Nf6 24.f4 gxf4 25.Rxf4 Qd7 26.Qe5 Ne8 27.Rd4 
Qe7 28.Bf1 Ng7 29.Bd3 Rf8 30.Rb4 h5 31.Rf4 Rxf4 32.gxf4 Qh4 33.Qb8+ Kf7 
34.Qxb7+ Kf6 35.Qxa7 Qe1+ 36.Bf1 Nf5 37.e4 Qxe4 38.Qf2 Kf7 39.a4 Nd4 40.
Bc4 h4 41.f5 Nxf5 42.a5 Qg4+ 43.Kf1 Qd1+ 44.Kg2 Qg4+ 45.Kf1 Qd1+ 46.Kg2 
1/2-1/2

[Event "4th EUR-ch"]
[Site "Istanbul TUR"]
[Date "2003.06.13"]
[Round "13.77"]
[White "Kurnosov, Igor"]
[Black "Krasenkow, Michal"]
[Result "1/2-1/2"]
[WhiteElo "2500"]
[BlackElo "2609"]
[EventDate "2003.05.30"]
[PlyCount "67"]

1.e4 g6 2.d4 Bg7 3.Nc3 c6 4.Bc4 d6 5.Qf3 e6 6.Nge2 b5 7.Bb3 a5 8.a3 Ba6 9.
O-O Nd7 10.Bf4 Qe7 11.Rfe1 e5 12.Bg5 Ngf6 13.Rad1 h6 14.Bh4 O-O 15.dxe5 
Nxe5 16.Qe3 Rfe8 17.Qd4 g5 18.Bg3 Red8 19.Qe3 b4 20.Na4 Bxe2 21.Qxe2 Rab8 
22.Bxe5 Qxe5 23.Qc4 Qe8 24.h3 Rb7 25.e5 Re7 26.axb4 axb4 27.Qxb4 dxe5 28.
Nc5 Rd4 29.Rxd4 exd4 30.Rxe7 Qxe7 31.Nd3 Qxb4 32.Nxb4 c5 33.Nd3 Nd7 34.Kf1
1/2-1/2

[Event "4th EUR-ch"]
[Site "Istanbul TUR"]
[Date "2003.06.13"]
[Round "13.79"]
[White "Palac, Mladen"]
[Black "Bartel, Mateusz"]
[Result "1/2-1/2"]
[WhiteElo "2587"]
[BlackElo "2443"]
[EventDate "2003.05.30"]
[PlyCount "64"]

1.d4 f5 2.g3 Nf6 3.Bg2 g6 4.Nf3 Bg7 5.O-O O-O 6.c4 d6 7.Nc3 Nc6 8.d5 Na5 
9.Qa4 c5 10.dxc6 Nxc6 11.Rd1 Kh8 12.c5 d5 13.Bf4 Be6 14.Ne5 Qc8 15.Nxc6 
Qxc6 16.Qa3 Ne4 17.Be3 Bf7 18.Nxe4 fxe4 19.f3 exf3 20.exf3 e5 21.f4 e4 22.
Qb4 a5 23.Qd2 a4 24.Bd4 Bxd4+ 25.Qxd4+ Kg8 26.Bh3 Rfd8 27.b4 axb3 28.axb3 
Qb5 29.b4 Ra4 30.Bf1 Qc6 31.Rxa4 Qxa4 32.Ra1 Qc2 1/2-1/2

[Event "4th EUR-ch"]
[Site "Istanbul TUR"]
[Date "2003.06.13"]
[Round "13.80"]
[White "Ivanisevic, Ivan"]
[Black "Wells, Peter"]
[Result "1-0"]
[WhiteElo "2569"]
[BlackElo "2487"]
[EventDate "2003.05.30"]
[PlyCount "103"]

1.d4 Nf6 2.c4 e6 3.Nf3 b6 4.g3 Ba6 5.b3 Bb4+ 6.Bd2 Be7 7.Bg2 c6 8.Bc3 d5 
9.Nbd2 Nbd7 10.Rc1 O-O 11.Rc2 Rc8 12.O-O c5 13.a4 dxc4 14.Nxc4 Bb7 15.dxc5
Bxc5 16.Qa1 Qe7 17.Nfe5 Bxg2 18.Kxg2 Nxe5 19.Bxe5 Qb7+ 20.f3 Be7 21.Rd1 
Rfd8 22.Rcd2 Ne8 23.e4 Rxd2+ 24.Rxd2 Rd8 25.Rxd8 Bxd8 26.Qd4 Be7 27.g4 Qc8
28.Bg3 Nf6 29.Be5 Bc5 30.Qb2 Qd8 31.Qd2 Qxd2+ 32.Nxd2 Nd7 33.Bc3 Bd6 34.
Nc4 Bf4 35.Bd4 g6 36.e5 Kf8 37.b4 Ke7 38.b5 Kd8 39.a5 Kc7 40.a6 h5 41.h3 
Kb8 42.Kf2 Kc7 43.Ke2 h4 44.Kd3 Kb8 45.Ke4 Bg5 46.Nd6 f5+ 47.exf6 Bxf6 48.
Bxf6 Nxf6+ 49.Ke5 Nd5 50.f4 Nc7 51.g5 Nd5 52.f5 1-0

[Event "4th EUR-ch"]
[Site "Istanbul TUR"]
[Date "2003.06.13"]
[Round "13.83"]
[White "Areschenko, Alexander"]
[Black "Grant, Jonathan"]
[Result "1-0"]
[WhiteElo "2546"]
[BlackElo "2253"]
[EventDate "2003.05.30"]
[PlyCount "129"]

1.e4 c6 2.d4 d5 3.Nc3 dxe4 4.Nxe4 Bf5 5.Ng3 Bg6 6.h4 h6 7.Nf3 Nd7 8.h5 Bh7
9.Bd3 Bxd3 10.Qxd3 e6 11.Bf4 Ngf6 12.O-O-O Be7 13.Kb1 O-O 14.Ne4 Nxe4 15.
Qxe4 Nf6 16.Qe2 Qd5 17.Ne5 Qe4 18.Qxe4 Nxe4 19.Rhe1 Nf6 20.g4 Rfd8 21.c4 
c5 22.Be3 Bd6 23.f3 Rac8 24.b3 a6 25.Bf2 cxd4 26.Bxd4 Bb4 27.Rg1 Rxd4 28.
Rxd4 Bc3 29.Rgd1 Bxd4 30.Rxd4 Kf8 31.Kb2 Ke7 32.b4 Rc7 33.Kb3 Ne8 34.a4 
Nf6 35.a5 Rc8 36.Nd3 Nd7 37.Ka4 Rc7 38.c5 Rc8 39.Kb3 Rc7 40.Rd6 Nb8 41.Kc4
Rc6 42.Rd4 Rc7 43.b5 Nd7 44.Kb4 axb5 45.Kxb5 Rc8 46.Rc4 Rb8 47.Nb4 g6 48.
c6 bxc6+ 49.Ka6 Nc5+ 50.Rxc5 Rxb4 51.Rxc6 gxh5 52.gxh5 Rb3 53.Rb6 Rxf3 54.
Kb7 Ra3 55.a6 f5 56.a7 Rxa7+ 57.Kxa7 f4 58.Ka6 Kf6 59.Kb5 Kg5 60.Kc4 Kxh5 
61.Rxe6 Kg5 62.Kd3 h5 63.Ke4 Kg4 64.Rg6+ Kh3 65.Kxf4 1-0

[Event "4th EUR-ch"]
[Site "Istanbul TUR"]
[Date "2003.06.13"]
[Round "13.86"]
[White "Yagupov, Igor"]
[Black "Grigoriants, Sergei"]
[Result "1/2-1/2"]
[WhiteElo "2454"]
[BlackElo "2506"]
[EventDate "2003.05.30"]
[PlyCount "26"]

1.e4 c5 2.Nf3 d6 3.d4 cxd4 4.Nxd4 Nf6 5.Nc3 Nc6 6.f3 e6 7.Be3 Be7 8.Qd2 
O-O 9.O-O-O a6 10.g4 Nd7 11.h4 Nxd4 12.Bxd4 b5 13.g5 Bb7 1/2-1/2

[Event "4th EUR-ch"]
[Site "Istanbul TUR"]
[Date "2003.06.13"]
[Round "13.87"]
[White "Bayram, Yakup"]
[Black "De Vreugt, Dennis"]
[Result "1/2-1/2"]
[WhiteElo "2296"]
[BlackElo "2503"]
[EventDate "2003.05.30"]
[PlyCount "39"]

1.d4 Nf6 2.c4 e6 3.Nf3 b6 4.g3 Ba6 5.b3 Bb7 6.Bg2 Bb4+ 7.Bd2 a5 8.O-O O-O 
9.Bc1 Re8 10.Bb2 Bf8 11.Nc3 d5 12.Ne5 Nbd7 13.f4 Ne4 14.Nxe4 dxe4 15.a4 f5
16.Bxe4 fxe4 17.Nd3 Rb8 18.Nf2 Nf6 19.e3 h6 20.Kg2 1/2-1/2

[Event "4th EUR-ch"]
[Site "Istanbul TUR"]
[Date "2003.06.13"]
[Round "13.88"]
[White "Ataman, Alper"]
[Black "Vajda, Levente"]
[Result "0-1"]
[WhiteElo "2161"]
[BlackElo "2592"]
[EventDate "2003.05.30"]
[PlyCount "58"]

1.d4 Nf6 2.c4 g6 3.Nc3 Bg7 4.e4 d6 5.Nf3 O-O 6.Be2 e5 7.O-O Nc6 8.d5 Ne7 
9.b4 a5 10.Ba3 axb4 11.Bxb4 b6 12.a4 Ne8 13.Nb5 f5 14.a5 bxa5 15.Rxa5 Rxa5
16.Bxa5 fxe4 17.Ng5 e3 18.fxe3 Nf5 19.Ne6 Bxe6 20.dxe6 Qg5 21.Qb3 e4 22.c5
d5 23.e7 Rf7 24.Nxc7 Nxe3 25.g3 Nxf1 26.Nxe8 Bd4+ 27.Kh1 Rxe7 28.Bxf1 Rxe8
29.Bc7 Rf8 0-1

[Event "4th EUR-ch"]
[Site "Istanbul TUR"]
[Date "2003.06.13"]
[Round "13.89"]
[White "Kilicaslan, Hasan"]
[Black "Brynell, Stellan"]
[Result "0-1"]
[WhiteElo "2260"]
[BlackElo "2534"]
[EventDate "2003.05.30"]
[PlyCount "66"]

1.d4 d5 2.Nf3 Nc6 3.e3 Bg4 4.Bb5 e6 5.c4 Bb4+ 6.Bd2 Bxd2+ 7.Nbxd2 Ne7 8.
O-O O-O 9.h3 Bh5 10.Rc1 a6 11.Bxc6 Nxc6 12.a3 Qd6 13.b4 Rfd8 14.Qb3 f6 15.
cxd5 Qxd5 16.Rc5 Qxb3 17.Nxb3 Bf7 18.Rc3 Rab8 19.Rxc6 bxc6 20.Na5 Be8 21.
Rc1 Rb6 22.Nc4 Rb5 23.Na5 c5 24.dxc5 e5 25.Rc3 Rd1+ 26.Kh2 Rb8 27.Nc4 Rbd8
28.Nb2 Rb1 29.Nc4 Rbd1 30.Nb2 Ra1 31.Kg3 Bb5 32.Rb3 Rb1 33.e4 Rd7 0-1

[Event "4th EUR-ch"]
[Site "Istanbul TUR"]
[Date "2003.06.13"]
[Round "13.90"]
[White "Nedev, Trajce"]
[Black "Tzermiadianos, Andreas"]
[Result "1-0"]
[WhiteElo "2518"]
[BlackElo "2428"]
[EventDate "2003.05.30"]
[PlyCount "53"]

1.e4 c5 2.Nf3 Nc6 3.Bb5 g6 4.Bxc6 dxc6 5.d3 Bg7 6.h3 b6 7.Nc3 e5 8.Be3 Ne7
9.O-O h6 10.a3 O-O 11.Nd2 Be6 12.Ne2 f5 13.f4 exf4 14.Nxf4 Bf7 15.Rb1 fxe4
16.Nxe4 Nd5 17.Bd2 c4 18.Qg4 Nxf4 19.Rxf4 cxd3 20.cxd3 Qd4+ 21.Nf2 Qd5 22.
Bc3 Kh7 23.Re1 Rae8 24.Rxe8 Rxe8 25.Ne4 Be6 26.Qe2 Qd7 27.Bxg7 1-0

[Event "4th EUR-ch"]
[Site "Istanbul TUR"]
[Date "2003.06.13"]
[Round "13.92"]
[White "Bocharov, Dmitry"]
[Black "Erdogdu, Mert"]
[Result "1-0"]
[WhiteElo "2492"]
[BlackElo "2303"]
[EventDate "2003.05.30"]
[PlyCount "79"]

1.d4 d5 2.c4 c6 3.Nf3 Nf6 4.Nc3 a6 5.c5 Nbd7 6.Bf4 Nh5 7.Bg5 h6 8.Bd2 Qc7 
9.e4 dxe4 10.Nxe4 Ndf6 11.Nxf6+ Nxf6 12.Bc4 Bf5 13.O-O Rd8 14.Qa4 Qb8 15.
Rfe1 e6 16.Ba5 Rc8 17.Ne5 Be7 18.Qb3 O-O 19.Qf3 Bd8 20.Bd2 Bc7 21.Bf4 Rcd8
22.Rad1 Ng4 23.Qg3 g5 24.Nxg4 Bxf4 25.Qf3 Kg7 26.g3 Bc7 27.Ne3 Bg6 28.Bd3 
Rxd4 29.Bxg6 Rxd1 30.Rxd1 Kxg6 31.Rd7 h5 32.h4 g4 33.Qe4+ Kh6 34.Qd4 Be5 
35.Qd2 Kg6 36.Nc4 Bf6 37.Nd6 b5 38.Qd3+ Kg7 39.Qe4 Qa8 40.Qxe6 1-0

[Event "4th EUR-ch"]
[Site "Istanbul TUR"]
[Date "2003.06.13"]
[Round "13.93"]
[White "Dzhakaev, Dzhakay"]
[Black "Arduman, Can"]
[Result "1-0"]
[WhiteElo "2465"]
[BlackElo "2361"]
[EventDate "2003.05.30"]
[PlyCount "127"]

1.Nf3 Nf6 2.c4 g6 3.Nc3 Bg7 4.e4 d6 5.d4 O-O 6.Be2 e5 7.O-O Na6 8.Re1 Qe8 
9.Bf1 Bg4 10.d5 Nb4 11.Be2 a5 12.g3 Bd7 13.Nh4 Qe7 14.Bg5 h6 15.Be3 Kh7 
16.Rc1 Na6 17.b3 Nc5 18.Bf3 Bh3 19.a3 Qd7 20.b4 axb4 21.axb4 Na6 22.Rb1 
Ng4 23.Bd2 Bf6 24.Ng2 Bg7 25.Nh4 Bf6 26.Ng2 Bg7 27.Qe2 Kg8 28.Nh4 Bf6 29.
Bg2 Bxg2 30.Nxg2 Bg7 31.Nd1 c6 32.Nde3 Nxe3 33.Nxe3 f5 34.exf5 gxf5 35.
dxc6 bxc6 36.b5 cxb5 37.cxb5 Nc5 38.Qc4+ Kh8 39.Nd5 Rab8 40.Be3 Ne4 41.b6 
Rfc8 42.Nc7 Nf6 43.Qe6 Qxe6 44.Nxe6 Rb7 45.Red1 Ne4 46.Kg2 Rcb8 47.Rb4 f4 
48.gxf4 exf4 49.Bxf4 Rxb6 50.Rc4 d5 51.Rxd5 Nf6 52.Rd6 Rxd6 53.Bxd6 Re8 
54.Nf4 Ne4 55.Bc7 Kh7 56.Bb6 Re7 57.Rc6 Ng5 58.Be3 Nf7 59.Nd5 Rb7 60.Re6 
Bf8 61.Nf6+ Kg7 62.Bd4 Ng5 63.Nd7+ Kf7 64.Rf6+ 1-0

[Event "4th EUR-ch"]
[Site "Istanbul TUR"]
[Date "2003.06.13"]
[Round "13.94"]
[White "San Segundo Carrillo, Pablo"]
[Black "Atakisi, Umut"]
[Result "1-0"]
[WhiteElo "2515"]
[BlackElo "2303"]
[EventDate "2003.05.30"]
[PlyCount "53"]

1.d4 Nf6 2.c4 g6 3.g3 Bg7 4.Bg2 d5 5.cxd5 Nxd5 6.e4 Nb6 7.Ne2 e5 8.d5 c6 
9.Qb3 cxd5 10.exd5 Bf5 11.Be3 O-O 12.O-O Na6 13.Nd2 Rc8 14.Rfc1 Qd6 15.Nc3
Qb4 16.Nb5 e4 17.Rxc8 Nxc8 18.Qxb4 Nxb4 19.Bc5 Nc2 20.Bxf8 Nxa1 21.Bxg7 
Kxg7 22.Bxe4 Bd7 23.Nc3 Nd6 24.Bd3 f5 25.f4 b5 26.b4 Kf6 27.Kf2 1-0

[Event "4th EUR-ch"]
[Site "Istanbul TUR"]
[Date "2003.06.13"]
[Round "13.95"]
[White "Cherniaev, Alexander"]
[Black "Reyhan, Dogan"]
[Result "1/2-1/2"]
[WhiteElo "2501"]
[BlackElo "2161"]
[EventDate "2003.05.30"]
[PlyCount "76"]

1.e4 e5 2.Nf3 Nc6 3.Bb5 a6 4.Ba4 Nf6 5.O-O b5 6.Bb3 Bc5 7.c3 d6 8.d4 Bb6 
9.h3 h6 10.Be3 O-O 11.Nbd2 Rb8 12.a3 Re8 13.Re1 Bb7 14.Bc2 d5 15.Nxe5 Nxe5
16.dxe5 Bxe3 17.Rxe3 Rxe5 18.f4 Re8 19.e5 d4 20.Rg3 dxc3 21.bxc3 Nh5 22.
Qxh5 Qxd2 23.Qf5 g6 24.Rd1 Qe3+ 25.Rxe3 gxf5 26.Bxf5 Rbd8 27.Red3 Rxd3 28.
Rxd3 c5 29.Rd7 Bc8 30.Bh7+ Kxh7 31.Rxf7+ Kg6 32.Rf6+ Kg7 33.Rc6 c4 34.Kf2 
h5 35.Rc7+ Kg6 36.Rc6+ Kh7 37.Rc7+ Kg6 38.Rc6+ Kg7 1/2-1/2

[Event "4th EUR-ch"]
[Site "Istanbul TUR"]
[Date "2003.06.13"]
[Round "13.96"]
[White "Ipek, Ali"]
[Black "Del Rio Angelis, Salvador Gabriel"]
[Result "1/2-1/2"]
[WhiteElo "2254"]
[BlackElo "2490"]
[EventDate "2003.05.30"]
[PlyCount "42"]

1.d4 Nf6 2.Nf3 e6 3.Bg5 c5 4.e3 h6 5.Bxf6 Qxf6 6.Nbd2 b6 7.Bd3 Bb7 8.O-O 
Qd8 9.c3 Be7 10.Qe2 O-O 11.e4 d6 12.Rfe1 Nd7 13.Nf1 a6 14.Ng3 b5 15.Rad1 
Qc7 16.h3 Rac8 17.Nh2 Bh4 18.Qg4 Bg5 19.Qe2 Bh4 20.Qg4 Bg5 21.Qe2 Bh4 
1/2-1/2

[Event "4th EUR-ch"]
[Site "Istanbul TUR"]
[Date "2003.06.13"]
[Round "13.99"]
[White "Brendel, Oliver"]
[Black "Can, Emre"]
[Result "0-1"]
[WhiteElo "2378"]
[BlackElo "2200"]
[EventDate "2003.05.30"]
[PlyCount "50"]

1.e4 e5 2.Nf3 d6 3.c3 Nf6 4.d3 g6 5.g3 Bg7 6.Bg2 O-O 7.O-O Nc6 8.h3 Rb8 9.
Re1 b5 10.d4 b4 11.cxb4 Nxb4 12.Nc3 exd4 13.Nxd4 Bd7 14.a3 Na6 15.Rb1 Nc5 
16.b4 Ne6 17.Be3 Nxd4 18.Bxd4 c5 19.Be3 Qc8 20.Rc1 Bxh3 21.Nd5 Qe6 22.Bxh3
Qxh3 23.Nxf6+ Bxf6 24.Qxd6 Bg7 25.Rxc5 Qg4 0-1

[Event "4th EUR-ch"]
[Site "Istanbul TUR"]
[Date "2003.06.13"]
[Round "13.102"]
[White "Kayar, Erdem"]
[Black "Olcayoz, Alper"]
[Result "0-1"]
[WhiteElo "2077"]
[BlackElo "2310"]
[EventDate "2003.05.30"]
[PlyCount "64"]

1.e4 e6 2.d3 d5 3.Nd2 c5 4.Ngf3 Nc6 5.g3 Bd6 6.Bg2 Nge7 7.O-O O-O 8.Nh4 
Bd7 9.f4 f5 10.exf5 Nxf5 11.Nxf5 Rxf5 12.Nf3 Rf8 13.c3 Qf6 14.Bd2 b5 15.
Qe2 Rae8 16.Rae1 a5 17.Ne5 Bxe5 18.fxe5 Qg6 19.Be3 Nxe5 20.Bxc5 Nxd3 21.
Rxf8+ Rxf8 22.Bxf8 Nxe1 23.Bc5 Nxg2 24.Qxg2 h6 25.Qf1 e5 26.Qf8+ Kh7 27.
Qd6 Qb1+ 28.Kg2 Qxb2+ 29.Bf2 Bf5 30.Qxd5 Qe2 31.Qc5 Be4+ 32.Kh3 Qh5# 0-1

[Event "4th EUR-ch"]
[Site "Istanbul TUR"]
[Date "2003.06.13"]
[Round "13.103"]
[White "Azimi, Reza"]
[Black "Oney, Feridun"]
[Result "0-1"]
[WhiteElo "2046"]
[BlackElo "2251"]
[EventDate "2003.05.30"]
[PlyCount "108"]

1.e4 Nf6 2.Qe2 e5 3.Nf3 Nc6 4.g3 Bc5 5.Bg2 O-O 6.c3 d5 7.d3 dxe4 8.dxe4 a5
9.O-O a4 10.Rd1 Qe7 11.Nh4 Bg4 12.Bf3 Be6 13.Bg5 h6 14.Be3 Kh7 15.Nf5 Bxf5
16.exf5 e4 17.Bg2 Bxe3 18.Qxe3 Qe5 19.Nd2 Rfe8 20.Re1 a3 21.bxa3 Ra4 22.
Rab1 b6 23.c4 Qd6 24.Nxe4 Nxe4 25.Bxe4 Rxc4 26.f3 f6 27.Rbc1 Rxc1 28.Rxc1 
Nd4 29.Kg2 c5 30.h4 Kh8 31.Qd3 Qe5 32.a4 g6 33.fxg6 f5 34.Bc6 Qe2+ 35.Qxe2
Rxe2+ 36.Kf1 Rh2 37.Kg1 Rb2 38.Bb5 Rxb5 39.Kf2 Rb2+ 40.Ke3 Rxa2 41.Rb1 
Re2+ 42.Kf4 Re6 43.h5 Kg7 44.g4 fxg4 45.Kxg4 Kf6 46.a5 b5 47.Rg1 b4 48.g7 
Kxg7 49.Kf4+ Kf7 50.Rg6 Rxg6 51.hxg6+ Kxg6 52.a6 Nb5 53.Ke3 c4 54.f4 Kf5 
0-1